Регионална библиотека "Любен Каравелов" - Русе

Войводата (Запис номер 514772)

MARC детайли
000 -Лидер
Лидер 01396aaa a2200277 a 4500
003 - Код на организацията, давaща контролен номер
Код на организацията, даваща контролен номер BLK
005 - Дата и час на последна редакция
Дата и час на последна редакция 20240802163057.0
007 - Фиксирано поле за физическо описани
Физическо описание ta
008 - Елементи от данни с фиксирана дължина
Елементи с фиксирана дължина 221104b bu |||||r|||| 00| | bu d
040 ## - Източник на каталожния запис
Код на библиотеката BLK
041 ## - Код за език
Език Български
Език за КДБФ Български
080 ## - УДК
УДК текст Българска литература
УДК код 821.163.2
УДК – определител (092)
УДК – код + определител 821.163.2(092)
080 ## - УДК
УДК текст Български комунист, революционер и политически деец, един от ръководителите на добруджанското освободително движение
УДК код 929 Михайлов, Дочо
УДК – код + определител 929 Михайлов, Дочо
100 ## - Редна дума - Автор
R(LIN) 377353
Автор Колев, Борис
245 ## - Сведения за заглавието
Заглавие Войводата
Авторска отговорност Борис Колев
300 ## - Физическа характеристика
Брой страници Толбухин, 1967, с. 11-12
520 ## - Забележка за наличие на резюме, анотация и т.н
Анотация, рецензия Стихотворение , посветено на Дочо Михайлов.
600 #0 - Име на лице, използвано като предмет
9 (RLIN) 370866
За него / За нея Михайлов, Дочо
653 ## - Ключова дума – ненормативна
9 (RLIN) 185486
Ключови думи Дочо Михайлов
653 ## - Ключова дума – ненормативна
9 (RLIN) 181089
Ключови думи антифашисти
653 ## - Ключова дума – ненормативна
9 (RLIN) 188984
Ключови думи комунисти
773 0# - Описание на основна библиографска единица при аналитични записи (многотомни)
Заглавие на източника Орли на свободата
Редна дума на основното описание Колев, Борис Георгиев
Място на издаване, издател и година Толбухин ОК на борците против фашизма и капитализма 1967
Контролен номер на записа 463176
Информация за връзката . //
856 ## - Електронен адрес и достъп
Инструкция (цена за достъп) 0.00
Права за достъп disable
942 ## - АРТИКУЛИ
Източник на класификационната схема Universal Decimal Classification
Вид на библиотечния документ Статия
Скрит в OPAC Не
944 ## - СЪЗДАВАНЕ И РЕДАКЦИЯ на ЗАПИСА
Създаване/Редакция
Дата на регистрацията/редакция Вася Ганчева
Служител, извършил регистрацията/редакцията 30549
Номер на служител Вася Ганчева
999 ## - СИСТЕМНИ КОНТРОЛНИ НОМЕРА
Koha biblionumber 514772
Koha biblioitemnumber 514772

Няма налични копия.

Vip Innovations Ltd, Rousse, Bulgaria 2025